| 000 | 00589nam a2200181 a 4500 | ||
|---|---|---|---|
| 001 | 000030382 | ||
| 005 | 20200930062301.0 | ||
| 008 | 110516s1978 dr ac 000 0 spa d | ||
| 040 |
_aDO-SdBNP _bspa _cBNPHU |
||
| 082 |
_axxx _bM917r |
||
| 100 | 1 |
_aMota, Denis _949338 |
|
| 245 | 1 | 0 |
_aRelaciones prematrimoniales en República Dominicana / _cDenis Mota. |
| 260 |
_aSanto Domingo : _bAsociación Dominicana Pro-Bienestar de la Familia, _c1978. _fAmigo del Hogar |
||
| 300 |
_a47 p. : _bil., retrs. ; _c22 cm. |
||
| 490 | 1 |
_aDocumentos _v14 |
|
| 830 | 0 |
_aDocumentos ; _v14 _91047 |
|
| 049 | _aBNPD | ||
| 999 |
_c29874 _d29874 |
||